Matlab 5.3 giải trình đồ họa

Matlab ( Matrix Laboratory ) là một ngôn ngữ lập trình đồ họa chuyển từ các phương trình toán học sang ngôn ngữ điện toán. Quyển sách này chú trọng về cách sử dụng chương trình, dùng các hàm toán học thực tiễn để vẽ các thí dụ đồ hình từ...

全面介绍

Đã lưu trong:
书目详细资料
主要作者: Hoàng, Phương
格式: 图书
语言:Undetermined
出版: Thành phố Hồ Chí Minh Trẻ 2000
主题:
标签: 添加标签
没有标签, 成为第一个标记此记录!
Thư viện lưu trữ: Trung tâm Học liệu Trường Đại học Cần Thơ
LEADER 01202nam a2200229Ia 4500
001 CTU_42753
008 210402s9999 xx 000 0 und d
020 |b 16.500đ 
020 |c 16500 
082 |a 006.68 
082 |b Ph561 
100 |a Hoàng, Phương 
245 0 |a Matlab 5.3 giải trình đồ họa 
245 0 |c Hoàng Phương 
260 |a Thành phố Hồ Chí Minh 
260 |b Trẻ 
260 |c 2000 
520 |a Matlab ( Matrix Laboratory ) là một ngôn ngữ lập trình đồ họa chuyển từ các phương trình toán học sang ngôn ngữ điện toán. Quyển sách này chú trọng về cách sử dụng chương trình, dùng các hàm toán học thực tiễn để vẽ các thí dụ đồ hình từ đơn giản đến phức tạp mà không đi sâu về cách dùng ngôn ngữ C hoặc Fortran để lập các tập tin chuyên đề của chương trình. 
650 |a Computer graphics,Matlab 5.3 ( computer programs ) 
650 |x Computer programs 
904 |i Minh, QHieu 
980 |a Trung tâm Học liệu Trường Đại học Cần Thơ